1110 1198 1021 1249 1525 1859 1742 1288 1694 1500 1653 1713 1474 1272 1791 1184 1057 1616 1200 1900 1334 1792 1036 1941 1740 1300 1204 1931 1633 1956 1230 1325 1523 1367 1807 1448 1026 1217 1321 1793 1597 1453 1105 1479 1588 1160 1575 1107 1426 1823 1742 1374 1511 1830 1749 1893 1715 1146 1731 1558 1060 1137 1204 1734 1719 1864 1827 1228 1830 1169 1681 1923 1408 1215 1694 1457 1491 1389 1839 1325 1680 1017 1427 1845 1303 1835 1076 1379 1827 1623 1368 1274 1674 1554 1787 1069 1068 1974 1333 BCNSPRNW ULIB Ver.6.0+V

เปลี่ยนเป็นภาษาไทย

Change to English
 แสดงรายละเอียดบรรณานุกรม
  กลับหน้าหลัก

Brief Record : Get Marc (ISO 2709) : E-mail record : QR code < ปิดหน้าต่าง
LEADER : 00000nam 2200000uu 4500
001    13399113472
003     ULIB
008    111121s2552||||th 000 0 tha d
020    ^a9786165070034
060 04 ^aQZ201^bม211ก
100 0  ^aมลฤดี สุขประสารทรัพย์
245 10 ^aกินอาหารไทยห่างไกลมะเร็ง /^cมลฤดี สุขประสารทรัพย์, แก้วกังสดาลอำไพ
250    ^aพิมพ์ครั้งที่ 1
260    ^aกรุงเทพฯ :^bหมอชาวบ้าน,^c2552
300    ^a152 หน้า :^bภาพประกอบสี ;^c21 ซม.
650  7 ^aสารต้านมะเร็ง
650  7 ^aอาหารไทย
650  7 ^aอาหารเพื่อสุขภาพ
650  7 ^aอาหาร, การรักษาด้วยการกำหนด
700 0  ^aแก้ว กังสดาลอำไพ
945    ^p250^l0^i16614
995    ^aกัณชพร
999    ^aใช้งานได้ทุกระบบ
รายการนี้ยังไม่มีแท็ก
คุณยังไม่ได้ล็อกอิน คุณสามารถมีกิจกรรมร่วมกับเว็บไซต์ได้ แต่ต้องล็อกอินก่อน ::
  ล็อกอิน

รายการสื่อสารสนเทศ

ลำดับที่ ประเภท เลขเรียก/บาร์โค้ด สถานที่ สถานะ
- ไม่พบข้อมูล -

รายการใกล้เคียง
    ผู้แต่ง [มลฤดี สุขประสารทรัพย์]

    หัวเรื่อง [สารต้านมะเร็ง]
    หัวเรื่อง [อาหารไทย]
    หัวเรื่อง [อาหารเพื่อสุขภาพ]
    หัวเรื่อง [อาหาร, การรักษาด้วยการกำหนด]

BibComment


ยังไม่เคยถูกคอมเมนท์

คอมเมนท์ทรัพยากรรายการนี้
  คอมเมนท์: กินอาหารไทยห่างไ..


 Copyright 2026. Bcnsprnw @Library